[Event "Niksic"]
[Site "Niksic"]
[Date "2000.??.??"]
[Round "?"]
[White "Komarov, Dimitri"]
[Black "Blagojevic, Dragisa"]
[Result "1-0"]
[WhiteElo "2568"]
[BlackElo "2453"]
[PlyCount "95"]
[EventDate "2000.??.??"]
[Source "www.chesslib.no"]
[SourceDate "2004.05.04"]

1. d4 d5 2. c4 c6 3. Nc3 Nf6 4. e3 e6 5. Nf3 Nbd7 6. Bd3 dxc4 7. Bxc4 b5 8. Bd3 a6 9. e4 c5 10. e5 cxd4 11. Nxb5 Ng4 12. Qa4 Rb8 13. Nd6+ Bxd6 14. exd6 Qb6 15. O-O Qxd6 16. b3 Qb4 17. Qxb4 Rxb4 18. Ba3 Rb6 19. Nxd4 Bb7 20. Rac1 Ngf6 21. Rfe1 Kd8 22. Nf5 exf5 23. Be7+ Ke8 24. Bxf6+ Re6 25. Bb2 Rxe1+ 26. Rxe1+ Kd8 27. Bxf5 f6 28. Ba3 Bc6 29. Bd6 g6 30. Bd3 Bb5 31. Bxb5 axb5 32. Kf1 f5 33. a4 bxa4 34. bxa4 Nb6 35. Rb1 Nc8 36. Be5 Re8 37. Rd1+ Ke7 38. a5 Kf7 39. f4 Ne7 40. Rd7 Ra8 41. Bc7 Ke8 42. Rd6 Rc8 43. Bb6 Rc1+ 44. Ke2 Ra1 45. Kd2 Kf7 46. Kc3 h5 47. Kb2 Ra4 48. Rd4 1-0

[Event "EU-ch 2nd"]
[Site "Ohrid"]
[Date "2001.06.05"]
[Round "5"]
[White "Kruppa, Yuri"]
[Black "Stanojoski, Zvonko"]
[Result "1-0"]
[WhiteElo "2572"]
[BlackElo "2435"]
[PlyCount "93"]
[EventDate "2001.06.01"]
[Source "ChessBase"]
[SourceDate "2001.09.13"]

1. d4 d5 2. c4 e6 3. Nc3 c6 4. e3 Nf6 5. Nf3 Nbd7 6. Bd3 dxc4 7. Bxc4 b5 8. Bd3 a6 9. e4 c5 10. e5 cxd4 11. Nxb5 Ng4 12. Qa4 Rb8 13. Nd6+ Bxd6 14. exd6 Qb6 15. h3 Ngf6 16. Qxd4 Qxd4 17. Nxd4 Rb6 18. Be2 Rxd6 19. Nb3 Bb7 20. O-O g5 21. Na5 Bd5 22. b3 Rg8 23. Ba3 Rb6 24. Rac1 Kd8 25. Nc4 Rc6 26. Nd6 Ne5 27. Bb2 Nfd7 28. Rxc6 Bxc6 29. Rc1 Kc7 30. Ne4 Kb7 31. Nc5+ Nxc5 32. Rxc5 Nd7 33. Bxa6+ Kb6 34. Rc1 g4 35. hxg4 Rxg4 36. Bf1 Bd5 37. Rd1 Kc7 38. Rd4 Rxd4 39. Bxd4 e5 40. Bc3 f6 41. Bd3 h5 42. Bg6 h4 43. Bf5 Nc5 44. f3 Ne6 45. Kf2 Nf4 46. Ba5+ Kc6 47. Bd8 1-0

[Event "DSV-Turnier"]
[Site "Halle"]
[Date "1987.??.??"]
[Round "?"]
[White "Gelfand, Boris"]
[Black "Horvath, Csaba"]
[Result "1-0"]
[WhiteElo "2510"]
[BlackElo "2455"]
[PlyCount "77"]
[EventDate "1987.10.??"]
[Source "ChessBase"]

1. d4 d5 2. c4 c6 3. Nc3 Nf6 4. e3 e6 5. Nf3 Nbd7 6. Bd3 dxc4 7. Bxc4 b5 8. Bd3 a6 9. e4 c5 10. e5 cxd4 11. Nxb5 Ng4 12. Qa4 Rb8 13. Nd6+ Bxd6 14. exd6 Qb6 15. h3 Ngf6 16. Qxd4 Qxd4 17. Nxd4 Rb6 18. Be2 O-O 19. b3 Rxd6 20. Nf3 Rb6 21. O-O Bb7 22. Nd2 Nd5 23. Nc4 Nc3 24. Bd3 Rb5 25. Ba3 Rg5 26. f3 Rb8 27. Bd6 Ra8 28. Rfc1 Nb5 29. Bf4 Rh5 30. Be3 Ne5 31. Be2 Nc6 32. f4 Rh6 33. Bf3 Rd8 34. Rd1 Nc3 35. Bxc6 Nxd1 36. Bxb7 Nxe3 37. Nxe3 a5 38. Bf3 Rf6 39. Nc4 1-0

[Event "Kavala op 11th"]
[Site "Kavala"]
[Date "2002.08.15"]
[Round "7"]
[White "Pedersen, Nicolai Vesterbaek"]
[Black "Stanojoski, Zvonko"]
[Result "1-0"]
[WhiteElo "2458"]
[BlackElo "2479"]
[PlyCount "97"]
[EventDate "2002.08.10"]
[Source "ChessBase"]
[SourceDate "2002.09.11"]

1. d4 d5 2. c4 e6 3. Nc3 c6 4. e3 Nf6 5. Nf3 Nbd7 6. Bd3 dxc4 7. Bxc4 b5 8. Bd3 a6 9. e4 c5 10. e5 cxd4 11. Nxb5 Ng4 12. Qa4 Bb7 13. Nbxd4 Qb6 14. O-O Bc5 15. h3 Nxf2 16. Bc2 Ne4 17. Kh2 Qb4 18. Re1 Qxa4 19. Bxa4 Bxd4 20. Nxd4 Nec5 21. Bc2 Nb6 22. b4 Ncd7 23. a4 O-O 24. a5 Nc4 25. Bf4 Rfb8 26. Rac1 Nf8 27. Bb3 Ng6 28. Rxc4 Nxf4 29. Nc6 Bxc6 30. Rxf4 Bb5 31. Rd1 g6 32. Rd6 Rc8 33. Rb6 Rc3 34. Bd1 Re3 35. Bf3 Ra7 36. Re4 Rxe4 37. Bxe4 Rc7 38. Bb7 Rc2 39. Bxa6 Bc6 40. Rxc6 Rxc6 41. Bb7 Rc4 42. a6 Rxb4 43. a7 Ra4 44. a8=Q+ Rxa8 45. Bxa8 f6 46. Kg3 fxe5 47. Kf3 Kg7 48. Ke4 Kf6 49. g3 1-0

[Event "Memorial E.Bykova (cat.7)"]
[Site "Vladimir (Russia)"]
[Date "2007.12.21"]
[Round "11"]
[White "Zabotin Alexander (RUS)"]
[Black "Kupreichik Viktor D (BLR)"]
[Result "1/2-1/2"]
[WhiteElo "2480"]
[BlackElo "2368"]
[PlyCount "32"]
[EventDate "2007.??.??"]
[Source "www.chesslib.no"]
[SourceDate "2004.05.04"]

1. d4 d5 2. c4 c6 3. Nc3 Nf6 4. e3 e6 5. Nf3 Nbd7 6. Bd3 dxc4 7. Bxc4 b5 8. Bd3 a6 9. e4 c5 10. e5 cxd4 11. Nxb5 Ng4 12. Qa4 Qb6 13. Nbxd4 Bb4+ 14. Ke2 Bb7 15. Rf1 Bc5 16. h3 Bxd4 1/2-1/2

[Event "USA Open"]
[Site "United States of America"]
[Date "1990.??.??"]
[Round "?"]
[White "Reshevsky, Samuel H"]
[Black "Donaldson, John W"]
[Result "1/2-1/2"]
[WhiteElo "2430"]
[BlackElo "2400"]
[PlyCount "101"]
[EventDate "1990.??.??"]
[Source "www.chesslib.no"]
[SourceDate "2004.05.04"]

1. d4 d5 2. c4 c6 3. Nc3 Nf6 4. Nf3 e6 5. e3 Nbd7 6. Bd3 dxc4 7. Bxc4 b5 8. Bd3 a6 9. e4 c5 10. e5 cxd4 11. Nxb5 Ng4 12. Nd6+ Bxd6 13. exd6 Qb6 14. Qa4 Rb8 15. h3 Ngf6 16. O-O Qxd6 17. b3 Qb4 18. Qxb4 Rxb4 19. Ba3 Rb8 20. Rac1 Bb7 21. Bd6 Ra8 22. Nxd4 Nd5 23. f4 N7f6 24. Nf3 Rd8 25. Ba3 Nxf4 26. Rc7 Bxf3 27. Bxa6 Ra8 28. Rfc1 Be2 29. Rc8+ Rxc8 30. Rxc8+ Kd7 31. Rxh8 Bxa6 32. Rf8 e5 33. Rxf7+ Ke6 34. Rxg7 Bd3 35. Bb2 N6d5 36. Kf2 Bb1 37. Bxe5 Kxe5 38. a4 Bc2 39. a5 Ne6 40. Rb7 Nc5 41. Rb5 Kd4 42. Rb8 Bxb3 43. a6 Nxa6 44. Rxb3 Nc5 45. Rb8 Ke5 46. Kf3 h5 47. Kg3 Ne4+ 48. Kh4 Ndf6 49. g4 hxg4 50. hxg4 Ke6 51. g5 1/2-1/2

[Event "Volgograd"]
[Site "Volgograd"]
[Date "1994.??.??"]
[Round "4"]
[White "Ayapbergenov, A."]
[Black "Volzhin, Alexander"]
[Result "1/2-1/2"]
[WhiteElo "2420"]
[BlackElo "2410"]
[PlyCount "102"]
[EventDate "1994.??.??"]
[Source "ChessBase"]

1. d4 d5 2. c4 c6 3. Nf3 e6 4. e3 Nf6 5. Nc3 Nbd7 6. Bd3 dxc4 7. Bxc4 b5 8. Bd3 a6 9. e4 c5 10. e5 cxd4 11. Nxb5 Ng4 12. Nd6+ Bxd6 13. exd6 Qa5+ 14. Bd2 Qd5 15. Qa4 Nge5 16. Nxe5 Qxe5+ 17. Kf1 O-O 18. Re1 Qf6 19. Rc1 Rb8 20. Rxc8 Rfxc8 21. Qxd7 Rd8 22. Qc7 Rxb2 23. Qc1 Rdb8 24. f3 e5 25. a3 R2b3 26. Qc7 Rd8 27. Ba5 Qxd6 28. Qc2 Rxa3 29. Bxd8 Qxd8 30. Ke2 g6 31. Qd2 Qh4 32. g3 Qh3 33. Kf2 h5 34. Qe2 Qe6 35. Rc1 Ra2 36. Rc2 Rxc2 37. Qxc2 h4 38. Kg2 hxg3 39. hxg3 a5 40. Qa4 Qd5 41. Bc4 Qd8 42. Qb5 Qe7 43. Qxa5 Kg7 44. Qd5 Kg8 45. Qe4 Qf6 46. f4 exf4 47. Qxf4 Qxf4 48. gxf4 Kg7 49. Kf3 f6 50. Ke4 Kh6 51. Be6 f5+ 1/2-1/2

[Event "Saiz mem"]
[Site "?"]
[Date "1998.??.??"]
[Round "?"]
[White "Gomez Felix"]
[Black "Alonso Rene"]
[Result "1-0"]
[WhiteElo "2335"]
[BlackElo "2345"]
[PlyCount "93"]
[EventDate "1998.??.??"]
[Source "www.chesslib.no"]
[SourceDate "2004.05.04"]

1. d4 d5 2. c4 e6 3. Nf3 Nf6 4. Nc3 c6 5. e3 Nbd7 6. Bd3 dxc4 7. Bxc4 b5 8. Bd3 a6 9. e4 c5 10. e5 cxd4 11. Nxb5 Ng4 12. Nbxd4 Bb4+ 13. Kf1 Qb6 14. Be4 Bb7 15. Bxb7 Qxb7 16. Bf4 Bc5 17. h3 Qe4 18. hxg4 Qxf4 19. g5 Qe4 20. Rh4 Qb7 21. Qb3 Qxb3 22. Nxb3 Be7 23. Ke2 Rc8 24. Rc1 Rxc1 25. Nxc1 Nb6 26. Nd3 O-O 27. Rh1 Rb8 28. Rc1 Nd5 29. Rc6 a5 30. Ra6 Bd8 31. Nd4 Ne7 32. Nb3 Nd5 33. Nxa5 Bxg5 34. Nc6 Re8 35. b4 f6 36. a4 fxe5 37. Ndxe5 Nf4+ 38. Kf1 Bf6 39. b5 Bxe5 40. Nxe5 Rd8 41. Kg1 h5 42. b6 Rd1+ 43. Kh2 Rb1 44. a5 Nd5 45. Nd7 Ne7 46. Ra8+ Kh7 47. a6 1-0

[Event "USSR"]
[Site "?"]
[Date "1988.??.??"]
[Round "?"]
[White "Levin, F."]
[Black "Bangiev, A."]
[Result "1-0"]
[WhiteElo "2320"]
[BlackElo "2320"]
[PlyCount "63"]
[EventDate "1988.??.??"]
[Source "ChessBase"]
[SourceDate "1988.01.01"]

1. Nf3 Nf6 2. c4 c6 3. d4 d5 4. Nc3 e6 5. e3 Nbd7 6. Bd3 dxc4 7. Bxc4 b5 8. Bd3 a6 9. e4 c5 10. e5 cxd4 11. Nxb5 Ng4 12. Qa4 Rb8 13. Nd6+ Bxd6 14. exd6 Qb6 15. O-O O-O 16. Qxd4 Nge5 17. Qxb6 Nxf3+ 18. gxf3 Rxb6 19. Rd1 f5 20. b3 Bb7 21. Be2 f4 22. Ba3 Rf5 23. Rac1 Kf7 24. Rc7 Ke8 25. Kf1 Ra5 26. Bc1 e5 27. Bc4 Kd8 28. Rd2 Rc5 29. Be6 Bc6 30. Bxd7 Rxc1+ 31. Kg2 Rc3 32. Bg4 1-0

[Event "Championnat de France Cadets"]
[Site "?"]
[Date "2003.??.??"]
[Round "3.1"]
[White "Ouakhir Mehdi"]
[Black "Cornette Matthieu"]
[Result "1-0"]
[WhiteElo "2156"]
[BlackElo "2325"]
[PlyCount "71"]
[EventDate "2003.??.??"]
[Source "www.chesslib.no"]
[SourceDate "2004.05.04"]

1. d4 d5 2. c4 c6 3. Nc3 Nf6 4. e3 e6 5. Nf3 Nbd7 6. Bd3 dxc4 7. Bxc4 b5 8. Bd3 a6 9. e4 c5 10. e5 cxd4 11. Nxb5 Ng4 12. Nbxd4 Ngxe5 13. Be2 Bd6 14. O-O Qe7 15. Bg5 f6 16. Bh4 O-O 17. Rc1 Bb7 18. Qd2 Rfd8 19. Rfd1 Nb6 20. Qa5 Nd5 21. Nxe5 Bxe5 22. Bg4 Bxd4 23. Rxd4 e5 24. Rdc4 Qf7 25. Be2 Nf4 26. Bf1 Rd5 27. Rc5 Qh5 28. Bc4 Qxh4 29. Rxd5 Nh3+ 30. Kh1 Nxf2+ 31. Kg1 Nh3+ 32. gxh3 Qg5+ 33. Kf2 Qf4+ 34. Ke2 Qe4+ 35. Kd1 Qf3+ 36. Kc2 1-0

[Event "Bad Woerishofen op 17th"]
[Site "?"]
[Date "2001.??.??"]
[Round "2"]
[White "Krotofil Kurt"]
[Black "Sprenger Jan Michael"]
[Result "1/2-1/2"]
[WhiteElo "2130"]
[BlackElo "2326"]
[PlyCount "72"]
[EventDate "2001.??.??"]
[Source "www.chesslib.no"]
[SourceDate "2004.05.04"]

1. d4 Nf6 2. c4 c6 3. Nf3 d5 4. Nc3 e6 5. e3 Nbd7 6. Bd3 dxc4 7. Bxc4 b5 8. Bd3 a6 9. e4 c5 10. e5 cxd4 11. Nxb5 Ng4 12. Nbxd4 Ngxe5 13. Be4 Bb4+ 14. Bd2 Rb8 15. O-O Bxd2 16. Qxd2 Qb6 17. Rac1 O-O 18. b3 Nxf3+ 19. Nxf3 Nf6 20. Bb1 Bb7 21. Ne5 Rfd8 22. Qe2 Rd5 23. Rfd1 Qd6 24. Nc4 Qf4 25. Ne3 Rh5 26. h3 g6 27. Qc4 Qxc4 28. Rxc4 Ra5 29. Rdd4 Nd5 30. Nxd5 Bxd5 31. Ra4 Rc5 32. Be4 Bxe4 33. Rxe4 a5 34. Rec4 Rbc8 35. Rxc5 Rxc5 36. Kf1 Kg7 1/2-1/2

[Event "POL Ch sf"]
[Site "Nadole"]
[Date "1994.??.??"]
[Round "2"]
[White "Kaszowski, Dariusz"]
[Black "Nowak, Rafal"]
[Result "1/2-1/2"]
[WhiteElo "2175"]
[BlackElo "2250"]
[PlyCount "117"]
[EventDate "1994.??.??"]
[Source "www.chesslib.no"]
[SourceDate "2004.05.04"]

1. d4 d5 2. c4 c6 3. Nf3 e6 4. e3 Nf6 5. Nc3 Nbd7 6. Bd3 dxc4 7. Bxc4 b5 8. Bd3 a6 9. e4 c5 10. e5 cxd4 11. Nxb5 Ng4 12. Qa4 Ngxe5 13. Nxe5 Nxe5 14. Nd6+ Ke7 15. Nxc8+ Kf6 16. O-O Nxd3 17. Qc6 Rxc8 18. Qf3+ Ke7 19. Qxd3 Qb6 20. Rd1 Rd8 21. Bf4 f6 22. Rac1 e5 23. Bg3 g6 24. f4 Bh6 25. Re1 Rd5 26. Rc2 Rhd8 27. fxe5 Be3+ 28. Bf2 Rxe5 29. Bxe3 dxe3 30. Qa3+ Kf7 31. Rce2 Rde8 32. Qd3 Kg7 33. Rd1 R8e7 34. Qd6 Qb5 35. Qd3 Rd5 36. Qxd5 Qxe2 37. Qd6 Re5 38. Qd7+ Kh6 39. Qh3+ Rh5 40. Qf3 Qxf3 41. gxf3 Re5 42. f4 Re4 43. Re1 g5 44. fxg5+ Kxg5 45. Kg2 Kf4 46. Rf1+ Ke5 47. Rc1 f5 48. Kf3 Kd4 49. Rd1+ Kc4 50. Ke2 Re6 51. Rd8 f4 52. Rf8 Re4 53. Rf7 Rd4 54. Rc7+ Kd5 55. Kf3 Ke6 56. Rc6+ Rd6 57. Rc4 Rd2 58. Rxf4 Rxb2 59. Ra4 1/2-1/2

[Event "Corr"]
[Site "?"]
[Date "1996.06.24"]
[Round "?"]
[White "Brandhorst Wesley (USA)"]
[Black "Stopa Johan Russell"]
[Result "1-0"]
[WhiteElo "2110"]
[BlackElo "2234"]
[PlyCount "89"]
[EventDate "1996.??.??"]
[Source "www.chesslib.no"]
[SourceDate "2004.05.04"]

1. d4 d5 2. c4 c6 3. Nf3 Nf6 4. Nc3 e6 5. e3 Nbd7 6. Bd3 dxc4 7. Bxc4 b5 8. Bd3 a6 9. e4 c5 10. e5 cxd4 11. Nxb5 Ng4 12. Qa4 Rb8 13. Nd6+ Bxd6 14. exd6 Qb6 15. h3 Ngf6 16. Qxd4 Qxd4 17. Nxd4 Nc5 18. Be2 Nce4 19. b3 Nxd6 20. O-O Bb7 21. Ba3 Kd7 22. Rfd1 Nd5 23. Nc2 Nb5 24. Bb2 Ke7 25. Bxb5 axb5 26. Bxg7 Rhg8 27. Be5 Rbc8 28. Rd2 f6 29. Bg3 e5 30. Re1 Nc3 31. Nb4 Ne4 32. Rd3 Nxg3 33. fxg3 Rgd8 34. Rxd8 Kxd8 35. g4 h6 36. Nd5 Rc2 37. Rd1 Kc8 38. a3 Kb8 39. Rd3 e4 40. Rc3 Ra2 41. Nxf6 Rxa3 42. Re3 Kc7 43. Nxe4 Bxe4 44. Rxe4 Rxb3 45. Re7+ 1-0

[Event "Corr"]
[Site "?"]
[Date "1998.??.??"]
[Round "?"]
[White "Kristensen Finn"]
[Black "Laursen Bjorn"]
[Result "1-0"]
[WhiteElo "2183"]
[BlackElo "2159"]
[PlyCount "169"]
[EventDate "1998.??.??"]
[Source "www.chesslib.no"]
[SourceDate "2004.05.04"]

1. d4 d5 2. c4 c6 3. Nc3 Nf6 4. e3 e6 5. Nf3 Nbd7 6. Bd3 dxc4 7. Bxc4 b5 8. Bd3 a6 9. e4 c5 10. e5 cxd4 11. Nxb5 Ng4 12. Qa4 Rb8 13. Nd6+ Bxd6 14. exd6 Qb6 15. Qxd4 Qxd4 16. Nxd4 Rb6 17. b3 Rxd6 18. Bb2 O-O 19. Be2 Ndf6 20. Rc1 Bd7 21. Nf3 Rc8 22. h3 Rxc1+ 23. Bxc1 Nh6 24. Bf4 Rc6 25. Bc4 Nf5 26. O-O Rc8 27. Bxa6 Ra8 28. Bc4 Rxa2 29. Ne5 Be8 30. Rd1 Ra8 31. b4 Ne4 32. g4 Ne7 33. Be3 h6 34. Kg2 Nc3 35. Rc1 Ned5 36. Bd2 Ne4 37. Bxd5 exd5 38. Be3 Rb8 39. Rb1 f6 40. Nf3 Bb5 41. Nd4 Bc4 42. Nc6 Rb7 43. Na5 Rb5 44. Nc6 Rb7 45. Rc1 Bb5 46. Nd4 Bc4 47. Nc6 Bb5 48. f3 Nd6 49. Na5 Re7 50. Bc5 Rd7 51. Nb3 Kf7 52. Nd4 Bc4 53. h4 Nb7 54. h5 Nxc5 55. bxc5 Rc7 56. c6 Ke7 57. Kf2 Kd6 58. Rb1 Ba6 59. Ra1 Bc4 60. Ra8 Rf7 61. Rb8 Ra7 62. Rb7 Rxb7 63. cxb7 Kc7 64. Ne6+ Kxb7 65. Nxg7 Kc6 66. Ke3 Kc5 67. Nf5 Ba2 68. Nxh6 d4+ 69. Kd3 Bb1+ 70. Kd2 Bh7 71. Nf5 Kd5 72. Ne7+ Ke6 73. Ng6 Kf7 74. Nf4 Kg7 75. Ne6+ Kh6 76. Nxd4 Kg5 77. Ke3 Bb1 78. Ne6+ Kh6 79. Kf4 Bd3 80. Nd4 Bb1 81. Nf5+ Kh7 82. g5 fxg5+ 83. Kxg5 Bd3 84. f4 Kg8 85. Nd6 1-0

[Event "ch-GR U14"]
[Site "Halkidiki, Greece"]
[Date "2007.07.01"]
[Round "9.2"]
[White "Kazantzidis, Ilias"]
[Black "Kaforos, Dimitrios-Alkis"]
[Result "1-0"]
[WhiteElo "2098"]
[BlackElo "1974"]
[PlyCount "47"]
[EventDate "2007.06.25"]
[Source "www.chesslib.no"]
[SourceDate "2004.05.04"]

1. d4 d5 2. c4 e6 3. Nc3 c6 4. Nf3 Nf6 5. e3 Nbd7 6. Bd3 dxc4 7. Bxc4 b5 8. Bd3 a6 9. e4 c5 10. e5 cxd4 11. Nxb5 Ng4 12. Nbxd4 Ngxe5 13. Be4 Rb8 14. O-O Bb7 15. Bxb7 Rxb7 16. Bg5 Nxf3+ 17. Qxf3 Qb6 18. Rac1 Bc5 19. Nb3 O-O 20. Nxc5 Nxc5 21. Be3 Rc7 22. Rc4 Qd6 23. Rfc1 Rfc8 24. Rxc5 1-0

[Event "ETC"]
[Site "?"]
[Date "2005.01.27"]
[Round "?"]
[White "Hasek Frantisek"]
[Black "Pilz Erhard"]
[Result "0-1"]
[WhiteElo "1780"]
[BlackElo "1899"]
[PlyCount "35"]
[EventDate "2005.??.??"]
[Source "www.chesslib.no"]
[SourceDate "2004.05.04"]

1. d4 d5 2. c4 c6 3. Nf3 Nf6 4. Nc3 e6 5. e3 Nbd7 6. Bd3 dxc4 7. Bxc4 b5 8. Bd3 a6 9. e4 c5 10. e5 cxd4 11. Nxb5 Ng4 12. Qa4 Ngxe5 13. Nxe5 Nxe5 14. Nd6+ Ke7 15. Nxc8+ Rxc8 16. Bxa6 Ra8 17. Qb5 Qd5 18. Qxd5 0-1